<?xml version="1.0" encoding="UTF-8"?>
<collection xmlns="http://www.loc.gov/MARC21/slim">
 <record>
  <leader>00555pamaa2200169   4500</leader>
  <controlfield tag="001">0000022622</controlfield>
  <controlfield tag="005">20060927090000.0</controlfield>
  <datafield tag="020" ind1="0" ind2="0">
   <subfield code="a">0844257613 </subfield>
  </datafield>
  <datafield tag="090" ind1="0" ind2="0">
   <subfield code="a">PN4121 </subfield>
   <subfield code="b">QUA 1996</subfield>
  </datafield>
  <datafield tag="100" ind1="1" ind2="0">
   <subfield code="a">QUATTRINI </subfield>
  </datafield>
  <datafield tag="245" ind1="1" ind2="0">
   <subfield code="a">Speaking by doing : </subfield>
   <subfield code="b">a speaking-listening text  </subfield>
   <subfield code="c">Joseph A. Quattrini.</subfield>
  </datafield>
  <datafield tag="250" ind1="0" ind2="0">
   <subfield code="a">7th ed.</subfield>
  </datafield>
  <datafield tag="260" ind1="0" ind2="0">
   <subfield code="a">Lincolnwood, Ill., USA : National Textbook, c1996.</subfield>
  </datafield>
  <datafield tag="300" ind1=" " ind2=" ">
   <subfield code="a">xi, 339 p. : ill., maps ; 28 cm.</subfield>
  </datafield>
  <datafield tag="650" ind1="0" ind2="0">
   <subfield code="a">Public speaking -- </subfield>
   <subfield code="x">Textbooks </subfield>
  </datafield>
  <datafield tag="650" ind1="0" ind2="0">
   <subfield code="a">Communication -- </subfield>
   <subfield code="x">Study and teaching </subfield>
  </datafield>
  <datafield tag="650" ind1="0" ind2="0">
   <subfield code="a">Public speaking -- </subfield>
   <subfield code="x">Study and teaching </subfield>
  </datafield>
 </record>
</collection>
